Thuốc bệnh gia đình

Giới thiệu cập nhật hầu hết các tên thuốc sản xuất trong nước và ngoài nước được phép lưu hành ở Việt Nam. Trong mỗi chuyên khảo thuốc được viết theo trình tự: dạng thuốc, chỉ định, liều dùng, chống chỉ định, lưu ý...

पूर्ण विवरण

में बचाया:
ग्रंथसूची विवरण
मुख्य लेखक: Phạm, Thiệp
स्वरूप: पुस्तक
भाषा:Undetermined
प्रकाशित: Hà Nội Nhà xuất bản Hà Nội 2003
विषय:
टैग : टैग जोड़ें
कोई टैग नहीं, इस रिकॉर्ड को टैग करने वाले पहले व्यक्ति बनें!
Thư viện lưu trữ: Trung tâm Học liệu Trường Đại học Cần Thơ
LEADER 00926nam a2200217Ia 4500
001 CTU_95669
008 210402s9999 xx 000 0 und d
020 |c 150000 
082 |a 615.603 
082 |b Th307 
100 |a Phạm, Thiệp 
245 0 |a Thuốc bệnh gia đình 
245 0 |c Phạm Thiệp, Vũ Ngọc Thúy 
260 |a Hà Nội 
260 |b Nhà xuất bản Hà Nội 
260 |c 2003 
520 |a Giới thiệu cập nhật hầu hết các tên thuốc sản xuất trong nước và ngoài nước được phép lưu hành ở Việt Nam. Trong mỗi chuyên khảo thuốc được viết theo trình tự: dạng thuốc, chỉ định, liều dùng, chống chỉ định, lưu ý 
650 |a Drugs 
650 |x Dictionaries 
904 |i M.Loan 
980 |a Trung tâm Học liệu Trường Đại học Cần Thơ